000 00912nas a2200301 4500
001 BR2012001563
003 BR-BrBNA
005 20231205120240.0
007 ta
008 230509b bl.|||p| |||| 00| 00por d
040 _aBR-BrBNA
_bpor
_cBiblioteca Nacional de Agricultura
041 _a(Pt)
072 _aF01; U40
100 1 _aBernardes, T.
100 1 _aAdami, M.
100 1 _aFormaggio, A.R.
100 1 _aMoreira, M.A.
100 1 _aFrança, D. de A.
100 1 _aNovaes, M.R. de
245 1 _aImagens mono e multitemporais Modis para estimativa da área com soja no estado de Mato Grosso
650 _aSOJA
650 _aSENSORIAMENTO REMOTO
650 _aMAPA
650 _aMATO GROSSO
773 0 _tPesquisa Agropecuária Brasileira (Brazil)
_xISSN 0100-204X
_g(Nov 2011), v. 46(11) p. 1530-1537
_wBR2012001563
909 _a202311
_bLúcia
_c55
_dLúcia Elande
942 _2AGRIS
_n0
_cANA
999 _c217611
_d217611